Statistics for Top 50 U-21 Footballers 2016

Click here to take the quiz!

General Stats

  • This quiz has been taken 53 times
  • The average score is 10 of 50

Answer Stats

Rank:Nationality:Player:% Correct
1PortugalRenato Sanches
84%
10FranceOusmane Dembélé
65%
44FranceKylian Mbappé-Lottin
54%
4EnglandDele Alli
51%
7FranceAnthony Martial
46%
6BrazilGabriel Jesus
46%
5EnglandMarcus Rashford
46%
3ItalyGianluigi Donnarumma
43%
2FranceKingsley Coman
38%
15USAChristian Pulisić
32%
23PortugalAndré Silva
30%
29TurkeyEmre Mor
30%
28ColombiaDavinson Sanchez
27%
14NigeriaKelechi Iheanacho
27%
9GermanyLeroy Sané
27%
8SpainMarco Asensio
24%
32FranceThomas Lemar
24%
13GermanyJulian Brandt
22%
21GermanyJonathan Tah
19%
27SwitzerlandBreel Embolo
16%
41DenmarkKasper Dolberg
16%
33FranceLucas Hernández
16%
22NigeriaAlex Iwobi
14%
17GermanyTimo Werner
14%
25DenmarkAndreas Christensen
11%
40PortugalGonçalo Guedes
11%
36NetherlandsRiechedly Bazoer
11%
24UkraineViktor Kovalenko
11%
50FranceVincent Koziello
11%
16BelgiumYouri Tielemans
11%
49RussiaAlexander Golovin
8%
20CroatiaAnte Coric
8%
26NetherlandsJaïro Riedewald
8%
30FranceJean-Kevin Augustin
8%
48FranceAdam Ounas
5%
38TurkeyEnes Ünal
5%
11BrazilGabriel Barbosa
5%
12ArgentinaGiovani Lo Celso
5%
39FranceIssa Diop
5%
45BrazilJorge
5%
31GermanyMahmoud Dahoud
5%
43ScotlandOliver Burke
5%
46SpainSanti Mina
5%
42Ivory CoastFranck Kessie
3%
37FranceMaxwell Cornet
3%
19CroatiaTin Jedvaj
3%
18ColombiaMarlos Moreno
0%
35SpainMikel Oyarzabal
0%
47SerbiaPredrag Rajković
0%
34ArgentinaSantiago Ascacibar
0%

Score Distribution

Percentile by Number Answered

Percent of People with Each Score

Your Score History

You have not taken this quiz